01654cam a22003134a 450000100090000000300040000900500170001300800410003001000170007102000180008802000150010603500230012103500200014404000650016404200080022905000150023708200200025224500790027226000590035130000360041050400510044650506720049765000500116965000380121965000220125765000180127965000180129770000250131514528378OSt20230411142753.0060829s2007 maua bf 001 0 eng  a 2006028727 a9780763740382 a0763740381 a(OCoLC)ocm71233157 a(OCoLC)71233157 aDNLM/DLCcLCdNLMdBAKERdC#PdOCLCQdYDXdYDXCPdBTCTAdDLC apcc00aRT82.8.C5500a610.7306/9222204aThe clinical nurse specialist handbook. /c[edited by] Patti Rager Zuzelo. aSudbury, Mass.:bJones and Bartlett Publishers,c2007. axviii, 397 p. :bill. ;c23 cm. aIncludes bibliographical references and index.0 aContents: Strategic career planning: professional and personal development -- Communication strategies and tips: avoiding problems, achieving effectiveness -- Influencing healthcare quality: educating patients, nurses, and students -- Mastering performance appraisal: tips for the CNS -- CNSs and difficult clinician-patient situations: strategies for success -- The clinical nurse specialist consultant role: issues and pragmatics -- Workplace violence: creating and sustaining a healthy place to work -- CNS outcomes: measuring the impact of CNS influence -- The patient safety CNS: a new role for an established systems expert -- The basics of nursing business --  0aNurse practitionersvHandbooks, manuals, etc. 0aNursingvHandbooks, manuals, etc.12aNurse Clinicians.22aNurse's Role.22aNursing Care.1 aZuzelo, Patti Rager.